000 00740nam a2200193 4500
999 _c371342
_d371342
008 210108b ||||| |||| 00| 0 eng d
040 _aSTAFF
_bger
_cSTAFF
_erda
041 _ager
245 _aVerlängerung des Sanierungsgebietes:
_behemalige Altstadt von Frankfurt (Oder) /
_cMark Isken
264 _c2021
500 _aEnthält: Foto neues Stadtarchiv
653 _aFrankfurt (Oder)
653 _aInnenstadt
773 _dFrankfurt (Oder): Stadt Frankfurt (Oder) und Büro für Stadtplanung, -forschung und -erneuerung
_g(2021), Nr. 29, Dezember, S.18: Foto
_tZentrum: Zeitschrift für das Sanierungsgebiet ehemalige Altstadt Frankfurt (Oder)
942 _cA